000 00687nam a22002057a 4500
005 20130529130340.0
010 _aENG-106976
020 _a9780198078517
_c695.00
020 _a019807851x
_c695.00
035 _aEN-90509
037 _bDBAD/PUB
082 _a840.08
100 1 _aFarooqi, Mehr Afshan
245 1 0 _aThe postcololonial mind :
_cby Mehr Afshan Farooqi
_bUrdu culture,Islam, and modernity in Muhammad Hasan Askari /
260 _aNew Delhi
_bOxford University Press
_c2012
270 _aYMCA Library Building, 1 Jai Singh Road
_bNew Delhi
_e110001
300 _axv,319p.:
_c22cm(pbk)
_bill.
500 _aIncludes index
942 _2ddc
_cEN
_mFAR
_h840.08
999 _c75103
_d75103